Central Library OPAC University of Rajshahi

30 stories to remember. (Record no. 84471)

MARC details
000 -LEADER
fixed length control field 00669cam a22002171 4500
003 - CONTROL NUMBER IDENTIFIER
rucl marc code BD-RjUL
005 - DATE AND TIME OF LATEST TRANSACTION
control field 20241207114153.0
008 - FIXED-LENGTH DATA ELEMENTS--GENERAL INFORMATION
fixed length control field 791005s1962 nyu 000 1 eng
035 ## - SYSTEM CONTROL NUMBER
System control number (BD-RjUL)
040 ## - CATALOGING SOURCE
Original cataloging agency DLC
Transcribing agency DLC
Modifying agency DLC
Language of cataloging eng
041 ## - LANGUAGE CODE
Language code of text/sound track or separate title eng
082 ## - DEWEY DECIMAL CLASSIFICATION NUMBER
Classification number 823.08
Author mark and year COS 1962
100 1# - MAIN ENTRY--PERSONAL NAME
Personal name Costain, Thomas B.
Fuller form of name (Thomas Bertram),
Dates associated with a name 1885-1965,
Relator term ed.
9 (RLIN) 14601
245 10 - TITLE STATEMENT
Title 30 stories to remember.
Statement of responsibility, etc. Selected by Thomas B. Costain and John Beecroft.
250 ## - EDITION STATEMENT
Edition statement [1st ed.]
260 ## - PUBLICATION, DISTRIBUTION, ETC. (IMPRINT)
Place of publication, distribution, etc. Garden City, N.Y.,
Name of publisher, distributor, etc. Doubleday,
Date of publication, distribution, etc. 1962.
300 ## - PHYSICAL DESCRIPTION
Pagination 884 p.
Size 22 cm.
650 #0 - SUBJECT ADDED ENTRY--TOPICAL TERM
Topical term or geographic name as entry element Fiction
General subdivision Collections.
9 (RLIN) 14602
700 1# - ADDED ENTRY--PERSONAL NAME
Personal name Beecroft, John,
Relator term joint ed.
942 ## - ADDED ENTRY ELEMENTS (KOHA)
Source of classification or shelving scheme Dewey Decimal Classification
Koha item type Books
Holdings
Lost status Source of classification or shelving scheme Damaged status Not for loan Collection code Permanent Location Current Location Shelving location Date acquired Total Checkouts Full call number Date last seen Copy number Koha item type
  Dewey Decimal Classification   Not For Loan Non-fiction Central Library, University of Rajshahi Central Library, University of Rajshahi Reading Room 07/12/2024   823.08 COS 1962 07/12/2024 C-1 Books